[Event "Roncana op-B 14th"]
[Site "Santa Eulalia de Roncana"]
[Date "2022.11.12"]
[Round "5"]
[White "Bonvehi Cortada, Joan"]
[Black "Lopez Sanchez, Pedro"]
[Result "1-0"]
[WhiteElo "1588"]
[BlackElo "1308"]
[PlyCount "57"]
[EventDate "2022.10.08"]
[EventType "swiss"]
[EventRounds "8"]
[EventCountry "ESP"]
[SourceTitle "EXT 2024"]
[Source "ChessBase"]
[SourceDate "2023.10.10"]
[SourceVersion "1"]
[SourceVersionDate "2023.10.10"]
[SourceQuality "1"]

1. e4 e5 2. Bc4 Nc6 3. Ne2 Nf6 4. d3 Na5 5. Bb3 Nxb3 6. axb3 Be7 7. 0-0 0-0 8. Ng3 d6 9. Nc3 Be6 10. f4 c6 11. f5 Bd7 12. Bg5 Ne8 13. Be3 b6 14. d4 Nf6 15. d5 Qc7 16. Bg5 Qb7 17. Nh5 Bd8 18. Bxf6 Bxf6 19. Qg4 Kh8 20. Rf3 Rg8 21. Rh3 Qc7 22. Re1 Qd8 23. Ree3 Bg5 24. Ref3 f6 25. Ng3 Be8 26. Nf1 a6 27. Qxg5 h6 28. Rxh6+ gxh6 29. Qxh6# 1-0

[Event "Roncana op-B 14th"]
[Site "Santa Eulalia de Roncana"]
[Date "2022.11.05"]
[Round "4"]
[White "Barcons Gallach, Alfonso"]
[Black "Bonvehi Cortada, Joan"]
[Result "1-0"]
[WhiteElo "1597"]
[BlackElo "1588"]
[PlyCount "107"]
[EventDate "2022.10.08"]
[EventType "swiss"]
[EventRounds "8"]
[EventCountry "ESP"]
[SourceTitle "EXT 2024"]
[Source "ChessBase"]
[SourceDate "2023.10.10"]
[SourceVersion "1"]
[SourceVersionDate "2023.10.10"]
[SourceQuality "1"]

1. e4 c5 2. Nf3 Nc6 3. d4 e6 4. Bb5 a6 5. Bxc6 bxc6 6. 0-0 cxd4 7. Qxd4 c5 8. Qc3 h6 9. Nbd2 Nf6 10. Re1 Be7 11. Nf1 Bb7 12. Ng3 0-0 13. Bf4 d6 14. Rad1 Qb6 15. b3 d5 16. e5 d4 17. Qd3 Nd5 18. Bd2 Rfd8 19. Nh5 Nb4 20. Bxb4 Qxb4 21. Nd2 Bc6 22. Qg3 g6 23. Nf4 Kh7 24. Qh3 Bg5 25. Qg4 Qb7 26. Nc4 Bxf4 27. Qxf4 Rf8 28. Nd6 Qd7 29. Rd3 Qe7 30. Ne4 Bxe4 31. Qxe4 Rab8 32. Rf3 Rbe8 33. Rf6 Qc7 34. h4 Rg8 35. Rd1 Rg7 36. Rd3 Kh8 37. Rdf3 Kg8 38. Qf4 g5 39. hxg5 hxg5 40. Qe4 Rh7 41. Rg3 Rg7 42. f4 g4 43. Qe2 Kf8 44. Rxg4 Rh7 45. Qe4 Rh8 46. Qg6 Re7 47. Qg7+ Ke8 48. Qxh8+ Kd7 49. Rg7 Qa5 50. Rfxf7 Qe1+ 51. Kh2 Rxf7 52. Rxf7+ Kc6 53. Qe8+ Kd5 54. Qa8# 1-0